Personnages de Disney - Statistiques

Statistiques générales
  • Ce quiz a été pris 253 fois
    251 depuis la dernière actualisation
  • Le résultat moyen est 13 sur 36
Statistiques - réponses
Indice Réponse % Correct
La panthère noire dans "Le livre de la jungle" Bagheera
74%
Premier amour d'Anna dans "La reine des neiges" Hans
70%
La méchante dans "Kuzco, l'empereur mégalo" Yzma
68%
La (fausse) mère de Raiponce Mère Gothel
67%
Le tigre de Jasmine dans "Aladdin" Rajah
67%
La théière dans "La belle et la bête" Madame Samovar
63%
Le père de Belle dans "La belle et la bête" Maurice
62%
La petite fille qui bugue dans "Les Mondes de Ralph" Vanellope
55%
La belle-mère de Cendrillon Madame de Trémaine
51%
La souris dans "Dumbo" Timothée
50%
Les deux démons de Hadès dans "Hercule" Peine et Panique
49%
Le hibou de Merlin dans "Merlin l'enchanteur" Archimède
46%
L'oiseau de Pocahontas Flit
46%
Le voisin d'Andy dans "Toy Story" Sid
45%
Les deux sbires de Cruella dans "Les 101 dalmatiens" Jasper et Horace
44%
Le sorcier vaudou dans "La princesse et la grenouille" Dr. Facilier
43%
Nommez la 3ème hyène du "Roi lion": Shenzi, Ed et _____ Banzaï
40%
La compagne femelle de Bambi Féline
39%
Le père de Wendy, Michel et jean dans "Peter Pan" George Darling
38%
Les deux chats siamois dans "La belle et le clochard" Si et Am
37%
La limace, gardienne de l'usine et responsable des dossiers dans "Monstres et cie" Germaine
31%
L'autre nom d'Aurore dans "La belle au bois dormant" (rebaptisée ainsi par les trois fées) Rose
30%
Le marionnettiste dans "Pinocchio" Stromboli
30%
Le chef des gorilles dans "Tarzan" Kerchak
29%
Les deux murènes d'Ursula dans "La petite sirène" Flotsam et Jetsam
28%
L'homme orchestre, dessinateur, ramoneur et vendeur de cerfs-volants dans "Mary Poppins" Bert
21%
La grosse chenille dans "1001 pattes" Heimlich
20%
Le lézard avec une échelle dan "Alice au pays des merveilles" Bill
17%
Nommez la 3ème gargouille du "Le bossu de Notre-Dame": la Volière, la Muraille et _____ La Rocaille
17%
Le serpent dans "Robin des Bois" Persifleur
17%
Le caniche dans "Oliver et cie" Georgette
16%
L'albatros dans "Bernard et Bianca" Orville
15%
Le larbin du Gouverneur Ratcliffe dans "Pocahontas" Wiggins
9%
Le compagnon de Jumba dans "Lilo et Stitch": l'agent _____ Pleakley
7%
Le bébé dans "Qui veut la peau de Roger Rabbit?" Bébé Herman
5%
L'apprentie sorcière incarnée par Angela Lansbury Eglantine
5%
Aucun quiz correspondant
Distribution des résultats
% des personnes avec chaque résultat
Percentile par nombre de réponses
Votre historique - résultats
Vous n’avez pas pris ce quiz depuis la dernière actualisation